000 00353nam a2200133Ia 4500
005 20251222144900.0
008 251222s9999||||xx |||||||||||||| ||spa||
020 _a0-8013-0511-X
082 _a370.117/R54
100 _aRichard-Amato, Patricia A.
245 4 _aThe Multicultural Classroom:
264 _bAddison-Wesley Publishing Company
942 _cLIB
999 _c21940
_d21940